| 000 | 00583nam a2200181Ia 4500 | ||
|---|---|---|---|
| 003 | IN-BaIIA | ||
| 008 | 211028s9999 xx 000 0 eng d | ||
| 020 | _a978-0-521-14063-8 | ||
| 040 | _cIIA Library | ||
| 080 |
_a(035)51 _bNIS |
||
| 100 |
_aOlver, Frank W. J. _934198 |
||
| 245 | 0 |
_aNIST handbook of mathematical functions[With CD] _cFrank W. J Olver |
|
| 260 |
_aCambridge _bCambridge University Press _c2010 |
||
| 300 | _axv, 951p. | ||
| 650 |
_aHandbook-Mathematical functions _934199 |
||
| 650 |
_aMathematial functions-Handbook _934200 |
||
| 942 | _cBK | ||
| 999 |
_c17967 _d17967 |
||